[Event "Tourn. n8675"]
[Site "www.chess-mail.com"]
[Date "2016.05.17"]
[Round "1"]
[White "Jjmcbride"]
[Black "Azulmarino"]
[WhiteElo "1690"]
[BlackElo "1490"]
[Result "1-0"]
[Round "1"]
1.e4 e5
2.Ng1f3 Nb8c6
3.c3 Bf8c5
4.b4 Bc5d6
5.b5 Nc6a5
6.d4 f6
7.dxe5 fxe5
8.Bc1g5 Ng8f6
9.Qd1d5 h6
10.Nf3xe5 Nf6xd5
11.Bg5xd8 Bd6e7
12.Ne5g6 Rh8g8
13.Ng6xe7 Nd5xe7
14.Bd8xe7 Kxe7
15.Bf1e2 d6
16.O-O b6
17.Nb1d2 Na5b7
18.Nd2b3 Bc8e6
19.Nb3d4 Be6d7
20.f4 a6
21.a4 a5
22.Ra1e1 Nb7c5
23.Be2d1 g6
24.Bd1c2 h5
25.f5 gxf5
26.exf5 Kf6
27.Nd4e6 Bd7xe6
28.fxe6 Ke7
29.Rf1f7 Kd8
30.e7 Ke8
31.Bc2g6 Kd7
32.e8Q { resign }
1-0

[Event "Tourn. n8685"]
[Site "www.chess-mail.com"]
[Date "2016.05.17"]
[Round "1"]
[White "Coventry"]
[Black "Elogic"]
[WhiteElo "1860"]
[BlackElo "1880"]
[Result "1-0"]
[Round "1"]
1.c4 g6
2.g3 c6
3.Bf1g2 e5
4.Nb1c3 Nb8a6
5.d4 Bf8g7
6.Ng1f3 exd4
7.Nf3xd4 Na6c5
8.e4 Nc5e6
9.Bc1e3 Ne6xd4
10.Be3xd4 Bg7xd4
11.Qd1xd4 Qd8f6
12.Qd4d3 Ng8e7
13.O-O O-O
14.f4 d6
15.Ra1d1 Rf8d8
16.e5 Qf6f5
17.exd6 Qf5c5
18.Kh1 Ne7f5
19.Nc3e4 Qc5b4
20.c5 Qb4xb2
21.Rd1d2 Qb2g7
22.Rf1e1 Bc8d7
23.Ne4c3 Rd8e8
24.Rd2e2 Re8xe2
25.Re1xe2 Nf5d4
26.Re2e7 Ra8d8
27.Qd3e3 Nd4c2
28.Qe3d2 Nc2b4
29.h3  { time }
1-0

[Event "Tourn. n8690"]
[Site "www.chess-mail.com"]
[Date "2016.05.17"]
[Round "1"]
[White "Milkyway"]
[Black "Loper10"]
[WhiteElo "2269"]
[BlackElo "2650"]
[Result "0-1"]
[Round "1"]
1.d4 Ng8f6
2.Bc1f4 d5
3.e3 e6
4.Ng1f3 Bf8d6
5.Bf1d3 Bd6xf4
6.exf4 c5
7.c3 Qd8b6
8.Qd1b3 Qb6c7
9.dxc5 Qc7xf4
10.Bd3b5 Nb8d7
11.O-O O-O
12.Bb5xd7 Nf6xd7
13.Qb3b4 Qf4c7
14.c4 a5
15.Qb4b3 Nd7xc5
16.Qb3c3 Nc5e4
17.Qc3d4 Qc7xc4
18.Qd4xc4 dxc4
19.Nb1d2 Ne4xd2
20.Nf3xd2 b5
21.Nd2e4 Rf8d8
22.Rf1d1 Bc8b7
{ resign }
0-1

[Event "Tourn. n8715"]
[Site "www.chess-mail.com"]
[Date "2016.05.17"]
[Round "1"]
[White "Gimmyg"]
[Black "Milkyway"]
[WhiteElo "2500"]
[BlackElo "2269"]
[Result "1-0"]
[Round "1"]
1.d4 Ng8f6
2.c4 c5
3.d5 e6
4.Nb1c3 exd5
5.cxd5 d6
6.Ng1f3 g6
7.e4 Bf8g7
8.Bf1d3 O-O
9.h3 a6
10.a4 Rf8e8
11.O-O Nb8d7
12.Bc1g5 h6
13.Bg5f4 Nd7e5
14.Nf3xe5 dxe5
15.Bf4e3 b6
16.a5 Nf6d7
17.axb6 Qd8xb6
18.Nc3a4 Qb6a7
19.Na4xc5 Nd7xc5
20.b4 Qa7c7
21.bxc5 Bc8b7
22.Qd1a4 a5
23.d6 Qc7c6
24.Bd3b5 { resign }
1-0

[Event "Tourn. n8733"]
[Site "www.chess-mail.com"]
[Date "2016.05.17"]
[Round "1"]
[White "Johnmcbride"]
[Black "Silent1"]
[WhiteElo "1830"]
[BlackElo "1820"]
[Result "1-0"]
[Round "1"]
1.d4 d5
2.e3 e6
3.a3 Ng8f6
4.f3 Bf8d6
5.Nb1c3 a6
6.Bf1d3 c6
7.Bc1d2 O-O
8.Qd1e2 Nb8d7
9.O-O-O b5
10.Nc3a2 a5
11.c3 b4
12.cxb4 axb4
13.Na2xb4 Bd6xb4
14.Bd2xb4 Rf8e8
15.Qe2c2 Bc8b7
16.Ng1e2 Bb7a6
17.Kb1 Ba6xd3
18.Rd1xd3 Ra8a6
19.Bb4d6 Nd7b6
20.Qc2xc6 Ra6a8
21.Bd6c7 Qd8d7
22.Qc6xd7 Nb6xd7
23.Rh1c1 h6
24.Rd3c3 g5
25.g4 Nd7f8
26.Bc7e5 Nf8g6
27.Be5xf6 Ng6f8
28.Rc3c7 Nf8h7
29.Bf6e5 Nh7f8
30.Ne2c3 Nf8g6
31.Be5f6 Ng6h4
32.Nc3b5 Ra8b8
33.Nb5d6 Re8f8
34.Bf6e7 Rf8e8
35.Nd6xe8 Rb8xe8
36.f4 gxf4
37.Be7xh4 { resign }
1-0

[Event "Tourn. n8718"]
[Site "www.chess-mail.com"]
[Date "2016.05.17"]
[Round "1"]
[White "Faerieking"]
[Black "Mars91"]
[WhiteElo "2230"]
[BlackElo "2020"]
[Result "1-0"]
[Round "1"]
1.e4 d6
2.f4 Ng8f6
3.Nb1c3 g6
4.Bf1c4 e6
5.Ng1f3 Bf8g7
6.d3 O-O
7.O-O a6
8.e5 dxe5
9.fxe5 Nf6d5
10.Nc3e4 h6
11.Qd1e1 Nb8c6
12.Bc1d2 b5
13.Bc4xd5 Qd8xd5
14.Ne4f6 Bg7xf6
15.exf6 Kh7
16.Qe1e3 Qd5h5
17.Ra1e1 Bc8b7
18.Qe3f4 Ra8c8
19.h4 Qh5c5
20.d4 Qc5d6
21.Qf4xh6 { resign }
1-0

[Event "Tourn. n8665"]
[Site "www.chess-mail.com"]
[Date "2016.05.17"]
[Round "1"]
[White "Difficult"]
[Black "Roserl"]
[WhiteElo "1890"]
[BlackElo "1920"]
[Result "0-1"]
[Round "1"]
1.d4 Ng8f6
2.Ng1f3 d5
3.e3 e6
4.Bf1d3 c5
5.b3 Nb8c6
6.O-O Bf8e7
7.Bc1b2 O-O
8.a3 b6
9.Bd3b5 Bc8b7
10.Bb5xc6 Bb7xc6
11.Nf3e5 Bc6b7
12.Nb1d2 Ra8c8
13.c4 Nf6d7
14.Nd2f3 f6
15.Ne5xd7 Qd8xd7
16.Ra1c1 Rf8d8
17.dxc5 bxc5
18.Qd1e2 Bb7a6
19.Qe2c2 e5
20.Rf1d1 d4
21.exd4 cxd4
22.Qc2e2 Qd7b7
23.b4 Qb7d7
24.b5 Ba6b7
25.a4 a6
26.h3 d3
27.Qe2e3 e4
28.Nf3h2 { time. }
0-1

[Event "Tourn. n8707"]
[Site "www.chess-mail.com"]
[Date "2016.05.17"]
[Round "1"]
[White "Milkyway"]
[Black "Prize64"]
[WhiteElo "2269"]
[BlackElo "2200"]
[Result "0-1"]
[Round "1"]
1.d4 Ng8f6
2.Bc1f4 d6
3.e3 g6
4.c3 Bf8g7
5.Ng1f3 O-O
6.Bf1e2 Nb8c6
7.d5 Nc6b8
8.Qd1b3 c6
9.dxc6 Nb8xc6
10.O-O b6
11.Rf1d1 Bc8b7
12.h3 Qd8c7
13.Nb1a3 Nc6a5
14.Qb3c2 Ra8c8
15.Na3b5 Qc7b8
16.Bf4h2 a6
17.Nb5d4 b5
18.Ra1c1 Na5c4
19.Be2xc4 Rc8xc4
20.Nf3d2 Rc4c8
21.Nd2f3 Bb7e4
22.Qc2e2 Qb8b7
23.Nf3e1 Be4d5
24.b3 Nf6e4
25.Qe2d3 Ne4c5
26.Qd3d2 Nc5e6
27.Bh2g3 Ne6g5
28.h4 Ng5e4
29.Qd2b2 Ne4xg3
30.fxg3 { time. }
0-1

[Event "Tourn. n8687"]
[Site "www.chess-mail.com"]
[Date "2016.05.17"]
[Round "1"]
[White "Milkyway"]
[Black "Elogic"]
[WhiteElo "1809"]
[BlackElo "1860"]
[Result "1-0"]
[Round "1"]
1.e4 e5
2.Ng1f3 Ng8f6
3.Nb1c3 Bf8c5
4.Bf1e2 c6
5.O-O d5
6.exd5 cxd5
7.d4 exd4
8.Nf3xd4 Bc5xd4
9.Qd1xd4 Nb8c6
10.Be2b5 O-O
11.Bb5xc6 bxc6
12.Bc1g5 Bc8a6
13.Rf1e1 Qd8b6
14.Bg5xf6 gxf6
15.Qd4xb6 axb6
16.a3 Rf8e8
17.f3 d4
18.Nc3e4 f5
19.Ne4f6 Kf8
20.Re1xe8 Ra8xe8
21.Nf6xe8 Kxe8
22.Kf2 c5
23.Ra1e1 Kf8
24.Re1e5  { time }
1-0

[Event "Tourn. n8668"]
[Site "www.chess-mail.com"]
[Date "2016.05.17"]
[Round "1"]
[White "Panham"]
[Black "Libiesse"]
[WhiteElo "2200"]
[BlackElo "2070"]
[Result "1/2-1/2"]
[Round "1"]
1.e4 c5
2.Ng1f3 e6
3.c3 Nb8c6
4.Bf1c4 a6
5.d4 cxd4
6.cxd4 b5
7.Bc4b3 Bc8b7
8.O-O d6
9.Bc1e3 Qd8c7
10.Nb1d2 Ra8c8
11.Ra1c1 Qc7d7
12.a3 Nc6a5
13.Bb3c2 d5
14.exd5 Bb7xd5
15.Bc2e4 Ng8f6
16.Be4xd5 Nf6xd5
17.Be3g5 Bf8e7
18.Nf3e5 Qd7d8
19.Nd2e4 O-O
20.Bg5xe7 Nd5xe7
21.Ne4c5 Qd8d6
22.Qd1d2 Na5c6
23.Ne5xc6 Ne7xc6
24.Rf1d1 Nc6e7
25.Qd2a5 Rc8c6
26.Qa5d2 Ne7d5
27.Qd2g5 Qd6f4
28.Qg5e5 Rf8c8
29.b4 a5
30.Qe5e2 axb4
31.axb4 Nd5xb4
{ draw }
1/2-1/2

[Event "Tourn. n8719"]
[Site "www.chess-mail.com"]
[Date "2016.05.17"]
[Round "1"]
[White "Elogic"]
[Black "Genius2"]
[WhiteElo "1850"]
[BlackElo "1920"]
[Result "0-1"]
[Round "1"]
1.b3 c5
2.e3 Nb8c6
3.g4 d5
4.Bf1g2 Ng8f6
5.g5 Nf6e4
6.Bg2xe4 dxe4
7.Bc1b2 e5
8.h4 Bc8e6
9.Nb1c3 Be6d5
10.Nc3xd5 Qd8xd5
11.Ng1e2 O-O-O
12.Ne2c3 Qd5e6
13.Nc3xe4 f5
14.Ne4g3 c4
15.bxc4 f4
16.Ng3e2 Bf8c5
17.exf4 exf4
18.f3 Rh8e8
19.Bb2xg7 Bc5d4
20.Bg7xd4 Nc6xd4
21.Kf2 Qe6xe2
22.Qd1xe2 Re8xe2
23.Kg1 Nd4xf3
 { time }
0-1

[Event "Tourn. n8747"]
[Site "www.chess-mail.com"]
[Date "2016.05.17"]
[Round "1"]
[White "Romaamor69"]
[Black "Difficult"]
[WhiteElo "1859"]
[BlackElo "1830"]
[Result "1-0"]
[Round "1"]
1.d4 f5
2.g3 Ng8f6
3.Bf1g2 d5
4.Ng1h3 e6
5.Nb1d2 c6
6.O-O Bf8d6
7.Nd2f3 O-O
8.Bc1f4 Nf6e4
9.Qd1c1 Qd8e7
10.c4 Bd6xf4
11.Nh3xf4 g5
12.Nf4d3 Nb8d7
{ time. }
1-0

[Event "Tourn. n8697"]
[Site "www.chess-mail.com"]
[Date "2016.05.17"]
[Round "1"]
[White "Sargentoabel"]
[Black "Bluetealeaf"]
[WhiteElo "1809"]
[BlackElo "1740"]
[Result "0-1"]
[Round "1"]
1.e4 e5
2.Ng1f3 f6
3.Nf3xe5 Qd8e7
4.Ne5f3 Qe7xe4
5.Bf1e2 d5
6.Nb1c3 Qe4e6
7.O-O Bf8d6
8.Be2b5 c6
9.Rf1e1 Bd6e5
10.d4 Qe6f7
11.dxe5 Bc8e6
12.exf6 Qf7xf6
13.Nf3g5 Ng8e7
14.Re1xe6 Qf6d4
15.Qd1xd4 Rh8g8
16.Nc3xd5 cxb5
17.Re6xe7 Kd8
 { time }
0-1

[Event "Tourn. n8726"]
[Site "www.chess-mail.com"]
[Date "2016.05.17"]
[Round "1"]
[White "Elogic"]
[Black "Pellix84"]
[WhiteElo "1830"]
[BlackElo "2020"]
[Result "0-1"]
[Round "1"]
1.b3 Ng8f6
2.f4 e6
3.d3 b5
4.e4 d5
5.e5 Nf6d7
6.d4 a6
7.Ng1f3 c5
8.c3 cxd4
9.Nf3xd4 Bc8b7
10.Bf1d3 Nb8c6
11.Bc1e3 Qd8h4
12.g3 Qh4h3
13.Qd1f3 Bf8c5
14.Nb1d2 Ra8c8
15.a4 b4
16.Nd4xc6 Bc5xe3
17.Nc6xb4 Be3xd2
18.Kxd2 Nd7c5
19.Bd3c2 O-O
20.Qf3e2 d4
21.Rh1e1 Rf8d8
22.c4 Qh3g2
23.Qe2xg2 Bb7xg2
24.Nb4d3 Nc5e4
25.Ke2 Ne4c3
26.Kd2 Bg2e4
27.Nd3b4 Be4xc2
28.Kxc2 a5
29.Nb4d3 Nc3d5
30.Re1e4 Nd5e3
31.Kd2 Rc8b8
32.Ra1a3 h5
33.Nd3c5 Ne3f5
34.Kd3 Rb8b6
35.Kd2 Kf8
36.Nc5d3 Ke7
37.c5 Rb6c6
38.Ra3a2 Rd8b8
39.Ra2b2 Kd7
40.b4 axb4
41.Rb2xb4 Rb8xb4
42.Nd3xb4 Rc6xc5
43.Kd3 Rc5c3
44.Kd2 Rc3c4
45.Nb4a6 Kc6
46.Kd3 Rc4xa4
 { time }
0-1

[Event "Tourn. n8703"]
[Site "www.chess-mail.com"]
[Date "2016.05.17"]
[Round "1"]
[White "Drawmaster"]
[Black "Johnmcbride"]
[WhiteElo "1660"]
[BlackElo "1820"]
[Result "0-1"]
[Round "1"]
1.e4 e5
2.Ng1f3 d6
3.d4 exd4
4.Qd1xd4 Nb8c6
5.Bf1b5 Bc8d7
6.Bb5xc6 Bd7xc6
7.c4 f6
8.O-O Qd8e7
9.Nb1c3 b6
10.Rf1e1 O-O-O
11.Nc3d5 Qe7f7
12.Qd4c3 Ng8e7
13.a4 Ne7xd5
14.cxd5 Bc6b7
15.a5 bxa5
16.Ra1xa5 a6
17.Bc1e3 Kd7
18.Re1c1 Rd8c8
19.Nf3d4 Bf8e7
20.Nd4c6 Be7d8
21.Nc6d4 Rh8e8
22.Nd4c6 Re8xe4
23.h3 Bd8e7
24.Rc1d1 Be7f8
25.Nc6d4 Bb7xd5
26.Ra5xa6 Bf8e7
27.Rd1c1 Be7d8
 { time }
0-1

[Event "Tourn. n8763"]
[Site "www.chess-mail.com"]
[Date "2016.05.17"]
[Round "1"]
[White "Koumaak"]
[Black "Caspito"]
[WhiteElo "1800"]
[BlackElo "1750"]
[Result "1-0"]
[Round "1"]
1.e4 e5
2.d3 c6
3.Ng1f3 d6
4.d4 Bc8g4
5.dxe5 Bg4xf3
6.Qd1xf3 dxe5
7.Bf1c4 Qd8f6
8.Qf3xf6 Ng8xf6
9.f3 Nb8d7
10.O-O Bf8c5
11.Kh1 O-O
12.Bc1g5 b5
13.Bg5xf6 Nd7xf6
14.Bc4d3 a5
15.Nb1d2 a4
16.a3 Nf6h5
17.b4 Bc5d4
18.Ra1d1 Nh5f4
19.g3 Nf4h3
20.Kg2 Nh3g5
21.c4 Ng5e6
22.cxb5 cxb5
23.Bd3xb5 Ne6c7
24.Bb5c6 Ra8a6
25.Rd1c1 Bd4b2
26.Rc1c4 Bb2xa3
27.b5 Ra6a5
28.b6 Nc7a6
29.b7 Ba3d6
30.Bc6xa4 g6
31.Rf1c1 Bd6b8
32.Rc4c8 Ra5xa4
33.Nd2c4 Na6c7
34.Nc4xe5 { resign }
1-0

[Event "Match"]
[Site "www.echecsemail.com"]
[Date "2016.05.17"]
[Round "1"]
[White "Mars91"]
[Black "Chapi"]
[WhiteElo "1789"]
[BlackElo "2080"]
[Result "0-1"]
[Round "1"]
1.e4 c5
2.Nb1c3 Nb8c6
3.g3 g6
4.Bf1g2 Bf8g7
5.Ng1e2 d6
6.O-O Ng8f6
7.d3 O-O
8.h3 Nf6d7
9.f4 Qd8b6
10.Kh2 e6
11.Ra1b1 Nd7f6
12.Bc1e3 d5
13.d4 cxd4
14.Ne2xd4 dxe4
15.Nc3xe4 Qb6a5
16.Nd4xc6 bxc6
17.a3 Bc8a6
18.Rf1f2 Rf8d8
19.Qd1e1 Qa5xe1
20.Rb1xe1 Nf6d5
21.c3 Nd5xe3
22.Re1xe3 Ra8b8
23.Ne4c5 Ba6c4
24.Bg2xc6 Rd8d6
25.Bc6g2 Rb8b5
26.b4 a5
27.a4 Rb5b8
28.Nc5b7 Rd6d3
29.Re3xd3 Bc4xd3
30.Nb7xa5 Bg7xc3
31.Na5c6 Rb8b6
32.b5 Bc3g7
33.Rf2d2 Bd3c4
34.Kg1 Bg7f8
35.Bg2f1 Bc4d5
36.Bf1g2 Bd5b3
37.Bg2f1 Bb3xa4
38.Nc6d4 Bf8c5
39.Kh2 Rb6d6
40.Nd4f3 Rd6xd2
41.Nf3xd2 Kf8
42.Bf1d3 { time. }
0-1

[Event "Match"]
[Site "www.echecsemail.com"]
[Date "2016.05.17"]
[Round "1"]
[White "Mars91"]
[Black "Toblakay"]
[WhiteElo "1789"]
[BlackElo "1499"]
[Result "0-1"]
[Round "1"]
1.e4 c5
2.Nb1c3 Nb8c6
3.g3 g6
4.Bf1g2 Bf8g7
5.Ng1e2 e5
6.O-O Ng8e7
7.d3 O-O
8.Bc1e3 d6
9.Qd1d2 Nc6d4
10.f4 Ne7c6
11.fxe5 dxe5
12.Nc3d5 Bc8g4
13.Ne2c3 Ra8b8
14.Be3h6 f6
15.Bh6xg7 Kxg7
16.h3 Bg4e6
17.Kh2 f5
18.exf5 gxf5
19.a3 b5
20.b4 a5
21.Ra1b1 cxb4
22.axb4 a4
23.Nd5e3 f4
24.gxf4 exf4
25.Ne3g4 Be6xg4
26.hxg4 Qd8h4
27.Kg1 f3
{ resign }
0-1

[Event "Match"]
[Site "www.echecsemail.com"]
[Date "2016.05.17"]
[Round "1"]
[White "Elogic"]
[Black "Avg"]
[WhiteElo "1800"]
[BlackElo "1950"]
[Result "0-1"]
[Round "1"]
1.b3 f5
2.e3 Ng8f6
3.Bf1e2 g6
4.Bc1b2 Bf8g7
5.d4 d6
6.Ng1f3 O-O
7.Nb1c3 e6
8.Be2d3 Nb8d7
9.e4 Nf6xe4
10.Nc3xe4 fxe4
11.Bd3xe4 c5
12.O-O Ra8b8
13.Nf3g5 Nd7f6
14.dxc5 Nf6xe4
15.Bb2xg7 Kxg7
16.Ng5xe4 dxc5
17.Ne4xc5 b6
18.Qd1xd8 Rf8xd8
19.Nc5e4 e5
20.Ra1e1 Bc8f5
21.Ne4g5 Rd8d5
 { time }
0-1

[Event "Match"]
[Site "www.echecsemail.com"]
[Date "2016.05.17"]
[Round "1"]
[White "Pimpampum"]
[Black "Paco"]
[WhiteElo "1499"]
[BlackElo "1880"]
[Result "1-0"]
[Round "1"]
1.Ng1f3 d5
2.d4 Nb8c6
3.c4 dxc4
4.e3 Qd8d5
5.Nb1c3 Qd5a5
6.Bf1xc4 Bc8g4
7.O-O O-O-O
8.h3 Bg4e6
9.Bc4xe6 fxe6
10.Qd1b3 e5
11.d5 Nc6b4
12.Nf3xe5 Ng8h6
13.e4 Rd8e8
14.Bc1d2 e6
15.Ne5c4 Qa5a6
16.d6 Bf8xd6
17.Nc4xd6 Qa6xd6
18.Ra1d1 Nh6f7
19.Nc3b5 Qd6c6
20.Qb3xb4 a6
21.Nb5a7 { resign }
1-0

[Event "Match"]
[Site "www.echecsemail.com"]
[Date "2016.05.17"]
[Round "1"]
[White "Billyg"]
[Black "Jhzes"]
[WhiteElo "1600"]
[BlackElo "1809"]
[Result "0-1"]
[Round "1"]
1.e4 e5
2.Ng1f3 Nb8c6
3.Bf1b5 Ng8e7
4.Bb5xc6 Ne7xc6
5.O-O b6
6.d4 exd4
7.Nf3xd4 Nc6e5
8.Rf1e1 Qd8h4
9.g3 Qh4h3
10.Bc1e3 Ne5g4
11.Re1e2 Qh3xh2
12.Kf1 Qh2h1

0-1

[Event "Match"]
[Site "www.echecsemail.com"]
[Date "2016.05.17"]
[Round "1"]
[White "Jhzes"]
[Black "Pinehill"]
[WhiteElo "1809"]
[BlackElo "2100"]
[Result "1-0"]
[Round "1"]
1.Ng1f3 Ng8f6
2.c4 e6
3.Nb1c3 d5
4.e3 c6
5.d4 Bf8b4
6.c5 Nf6e4
7.Bc1d2 Bb4xc3
8.Bd2xc3 Nb8d7
9.Qd1d3 Nd7f6
10.Nf3e5 Ne4xc3
11.bxc3 O-O
12.Bf1e2 Qd8c7
13.f3 b6
14.cxb6 axb6
15.c4 Bc8a6
16.O-O Rf8e8
17.Rf1c1 Nf6d7
18.Ne5xd7 Qc7xd7
19.Qd3c2 dxc4
20.Be2xc4 Ba6xc4
21.Qc2xc4 Re8c8
22.Qc4b4 Qd7d8
23.Rc1c2 Ra8a5
24.Ra1c1 c5
25.dxc5 bxc5
26.Rc2xc5 Rc8xc5
27.Rc1xc5 Ra5xa2
28.Qb4b3 Ra2a1
29.Kf2 Qd8h4
30.Ke2 Qh4e1
31.Kd3 Ra1d1
32.Ke4 f5
33.Kf4 Qe1h4
34.Ke5 Qh4f6
35.Kf4 g5
36.Kg3 f4
37.Kg4 h5
38.Kxh5 Rd1d7
39.Rc5xg5 Kf7
40.Qb3b8 Rd7d8
41.Qb8xf4 Rd8h8
42.Kg4 Qf6xf4
43.Kxf4 Rh8xh2
44.Kg3 Rh2h1
45.e4 { resign }
1-0

[Event "Match"]
[Site "www.echecsemail.com"]
[Date "2016.05.17"]
[Round "1"]
[White "Genius9"]
[Black "Mdesouza"]
[WhiteElo "1770"]
[BlackElo "2230"]
[Result "0-1"]
[Round "1"]
1.Ng1f3 Ng8f6
2.g3 d5
3.Bf1g2 Bc8f5
4.d3 h6
5.O-O Nb8d7
6.b3 e5
7.Bc1b2 Bf8d6
8.Nb1d2 O-O
9.Rf1e1 c6
10.e4 dxe4
11.Nd2xe4 Bf5xe4
12.dxe4 Qd8e7
13.Nf3d2 Bd6c7
14.Nd2c4 { time. }
0-1

[Event "Match"]
[Site "www.echecsemail.com"]
[Date "2016.05.17"]
[Round "1"]
[White "Guidom"]
[Black "Snickers"]
[WhiteElo "2100"]
[BlackElo "2060"]
[Result "1-0"]
[Round "1"]
1.e4 e5
2.Ng1f3 d6
3.Bf1c4 Bf8e7
4.d3 Ng8f6
5.O-O O-O
6.c3 Nb8c6
7.Bc1g5 a6
8.Nb1d2 Bc8e6
9.Bc4xe6 fxe6
10.Qd1c2 Qd8e8
11.d4 exd4
12.cxd4 Qe8d7
13.Rf1e1 Nf6h5
14.Bg5xe7 Qd7xe7
15.d5 Nc6d8
16.Nf3d4 e5
17.Nd4f5 Qe7f7
18.Nd2c4 Rf8e8
19.Nc4xd6 { resign }
1-0

[Event "Match"]
[Site "www.echecsemail.com"]
[Date "2016.05.17"]
[Round "1"]
[White "Kevinking"]
[Black "Genius9"]
[WhiteElo "1860"]
[BlackElo "1770"]
[Result "1-0"]
[Round "1"]
1.f4 g6
2.Ng1f3 Bf8g7
3.d4 d6
4.e3 Ng8f6
5.Bf1d3 O-O
6.O-O c5
7.Nb1c3 a6
8.a4 Bc8g4
9.h3 Bg4xf3
10.Qd1xf3 Nb8c6
11.Nc3e2 Qd8c7
12.c3 cxd4
13.exd4 Ra8c8
14.Bc1d2 d5
15.Bd3c2 Nc6a5
16.Ra1d1 Na5c4
17.Bd2c1 e6
18.Ne2g3 Qc7c6
{ time. }
1-0

[Event "Match"]
[Site "www.echecsemail.com"]
[Date "2016.05.17"]
[Round "1"]
[White "Watford"]
[Black "Mrynmryn"]
[WhiteElo "1570"]
[BlackElo "1599"]
[Result "0-1"]
[Round "1"]
1.e4 e5
2.Nb1c3 Ng8f6
3.g3 Bf8c5
4.Bf1g2 O-O
5.Ng1e2 a6
6.d4 exd4
7.Ne2xd4 d6
8.O-O Nb8c6
9.Nd4xc6 bxc6
10.h3 Ra8b8
11.Rf1e1 Rf8e8
12.a3 Bc8b7
13.Bc1e3 Bc5xe3
14.Re1xe3 Re8e5
15.Re3d3 c5
16.Rd3e3 Bb7c6
17.Ra1b1 h5
18.f4 Re5e8
19.Kh2 Re8e6
20.Qd1e1 g6
21.b3 Kg7
 { time }
0-1

[Event "Match"]
[Site "www.echecsemail.com"]
[Date "2016.05.17"]
[Round "1"]
[White "Libiesse"]
[Black "Elogic"]
[WhiteElo "2090"]
[BlackElo "1890"]
[Result "1-0"]
[Round "1"]
1.d4 d5
2.c4 dxc4
3.Nb1c3 Nb8c6
4.e3 h5
5.Bf1xc4 Ng8f6
6.Ng1f3 Bc8g4
7.Bc4e2 e6
8.h3 Bg4xf3
9.Be2xf3 g6
10.O-O Bf8d6
11.Rf1e1 Qd8d7
12.e4 e5
13.d5 Nc6d4
14.Bc1e3 Nd4xf3
15.Qd1xf3 Nf6h7
16.Re1c1 b6
17.Qf3g3 O-O-O
18.f4 exf4
19.Be3xf4 Bd6xf4
20.Qg3xf4 g5
21.Qf4f1 Kb7
22.Nc3b5 Rd8c8
23.Rc1c6 a6
24.Nb5d4 Rh8e8
25.Qf1f5 Qd7xf5
26.exf5 Re8e4
27.Nd4b3 Re4e5
28.Rc6h6  { time }
1-0

[Event "Match"]
[Site "www.echecsemail.com"]
[Date "2016.05.17"]
[Round "1"]
[White "Bojan"]
[Black "Mitja"]
[WhiteElo "1880"]
[BlackElo "1880"]
[Result "0-1"]
[Round "1"]
1.d4 d5
2.c4 dxc4
3.e4 e6
4.Bf1xc4 c6
5.a3 Nb8d7
6.b4 h6
7.Nb1d2 b6
8.Ng1f3 Bc8b7
9.Nd2b3 Ng8e7
10.Bc1f4 Ne7g6
11.Bf4g3 Nd7f6
12.Qd1c2 Bf8e7
13.Ra1d1 O-O
14.Nf3e5 Qd8c8
15.Bc4d3 Ng6xe5
16.Bg3xe5 Bb7a6
17.Qc2e2 Ba6xd3
18.Rd1xd3 Qc8a6
19.Nb3d2 Rf8e8
20.h3 Nf6d7
21.Be5f4 Nd7f8
22.O-O Nf8g6
23.Bf4e3 Ra8d8
24.Rf1d1 Be7d6
25.Nd2f3 Bd6f4
26.g3 Bf4xe3
27.Qe2xe3 Qa6b7
28.Nf3h2 b5
29.f4 a6
30.Nh2f3 f6
31.Kg2 Kf7
32.h4 Ng6e7
33.g4 Qb7a7
34.g5 hxg5
35.fxg5 e5
36.Qe3f2 exd4
37.gxf6 Ne7g6
38.Kh1 gxf6
39.h5 Re8h8
40.Nf3e5 Ng6xe5
41.Rd3h3 Ne5g4
42.Qf2f5 Rd8g8
43.Rd1f1 Qa7e7
44.Rf1g1 Qe7e6
45.Qf5f3 Ng4f2
{ resign }
0-1

[Event "Match"]
[Site "www.echecsemail.com"]
[Date "2016.05.17"]
[Round "1"]
[White "Mrynmryn"]
[Black "Ditto"]
[WhiteElo "1599"]
[BlackElo "1620"]
[Result "1-0"]
[Round "1"]
1.Ng1f3 d5
2.d4 Nb8c6
3.Bc1f4 Bc8f5
4.e3 e6
5.a3 Ng8f6
6.h3 Bf8d6
7.Bf4xd6 Qd8xd6
8.c4 dxc4
9.Bf1xc4 O-O
10.O-O Nc6e7
11.Nb1c3 c6
12.b4 b5
13.Bc4d3 Ra8c8
14.Bd3xf5 Ne7xf5
15.Nf3e5 Nf6e8
16.Nc3e4 Qd6d5
17.Qd1d3 Ne8c7
18.Rf1c1 Nc7e8
19.Ne4c5 Nf5h4
20.e4 Qd5d6
21.Nc5d7 Ne8f6
22.Nd7xf8 Kxf8
23.Rc1c2 Nf6h5
24.Ra1c1 Nh4xg2
25.Rc2xc6 Rc8xc6
26.Rc1xc6 Qd6e7
27.Rc6c8 Qe7e8
28.Rc8xe8 Kxe8
29.Qd3f3 Ng2f4
30.Ne5d3 { resign }
1-0

[Event "Match"]
[Site "www.echecsemail.com"]
[Date "2016.05.17"]
[Round "1"]
[White "Attatroll"]
[Black "Jhzes"]
[WhiteElo "2000"]
[BlackElo "1809"]
[Result "0-1"]
[Round "1"]
1.e4 e6
2.d4 d5
3.Nb1c3 Bf8b4
4.exd5 Qd8xd5
5.Ng1f3 Bb4xc3
6.bxc3 f6
7.Bf1e2 Ng8e7
8.O-O Nb8c6
9.c4 Qd5d8
10.Bc1e3 b6
11.a3 Bc8b7
12.Ra1b1 O-O
13.c5 Ne7d5
14.c4 Nd5c3
15.Qd1c2 Nc3xb1
16.Rf1xb1 Bb7c8
17.cxb6 axb6
18.Rb1d1 Ra8xa3
19.Be2d3 Qd8e7
20.Bd3xh7 Kh8
21.Nf3h4 Qe7f7
22.Nh4g6 Kxh7
23.Ng6e5 f5
24.Ne5xf7 Rf8xf7
25.g4 Ra3a5
26.c5 b5
27.gxf5 Rf7xf5
28.d5 Nc6b4
29.Qc2c3 Ra5a4
30.Rd1b1 Nb4xd5
31.Qc3d3 Ra4g4
32.Kh1 Bc8b7
{ resign }
0-1

[Event "Match"]
[Site "www.echecsemail.com"]
[Date "2016.05.17"]
[Round "1"]
[White "Carazo"]
[Black "Milkyway"]
[WhiteElo "1850"]
[BlackElo "1809"]
[Result "1-0"]
[Round "1"]
1.e4 e6
2.Ng1f3 d5
3.Bf1b5 c6
4.Bb5a4 dxe4
5.Nf3e5 Qd8d4
6.Qd1h5 g6
7.c3 gxh5
8.cxd4 f6
9.Ne5c4 b5
10.Ba4xb5 cxb5
11.Nc4e3 f5
12.O-O Ng8f6
13.b3 Bc8b7
14.Nb1c3 a6
15.a4 Bf8b4
16.Nc3e2 Nb8d7
17.Ne2f4 Kf7
18.Bc1b2 Rh8c8
19.d5 exd5
20.Ne3xf5 Bb4xd2
21.Nf5d6 Ke7
22.Nd6f5 Kf8
23.Nf4e6 Kf7
24.Ne6d4 Bd2f4
25.g3 Bf4e5
26.Nf5h6 Kg7
{ time. }
1-0

[Event "Match"]
[Site "www.echecsemail.com"]
[Date "2016.05.17"]
[Round "1"]
[White "Calponas"]
[Black "Elogic"]
[WhiteElo "2060"]
[BlackElo "1830"]
[Result "1-0"]
[Round "1"]
1.d4 g6
2.c4 d5
3.cxd5 Qd8xd5
4.Nb1c3 Qd5d6
5.Ng1f3 Bf8g7
6.e3 Bc8d7
7.Bf1e2 a6
8.a4 Nb8c6
9.O-O e6
10.a5 Ng8e7
11.Nc3e4 Qd6d5
12.Ne4c5 Nc6xa5
13.Ra1xa5 b6
14.Ra5xa6 bxc5
15.Ra6xa8 Qd5xa8
16.dxc5  { time }
1-0

[Event "Match"]
[Site "www.echecsemail.com"]
[Date "2016.05.17"]
[Round "1"]
[White "Menace"]
[Black "Plymouth"]
[WhiteElo "2230"]
[BlackElo "2040"]
[Result "1-0"]
[Round "1"]
1.e4 d5
2.exd5 Qd8xd5
3.Nb1c3 Qd5a5
4.Ng1f3 c6
5.Bf1c4 Bc8f5
6.O-O e6
7.d3 Ng8f6
8.Bc1g5 Nb8d7
9.a3  { time }
1-0

[Event "1/32 Finale"]
[Site "www.chess-mail.com"]
[Date "2016.05.17"]
[Round "1"]
[White "Genius9"]
[Black "Hundegana"]
[WhiteElo "1770"]
[BlackElo "1960"]
[Result "0-1"]
[Round "1"]
1.Ng1f3 Ng8f6
2.g3 g6
3.Bf1g2 Bf8g7
4.d4 d6
5.O-O O-O
6.c4 c6
7.Nb1c3 Rf8e8
8.e4 Kh8
9.Rf1e1 h6
10.h3 a6
11.b4 b5
12.c5 dxc5
13.dxc5 Ra8a7
14.Bc1b2 e5
15.Qd1xd8 Re8xd8
16.Ra1d1 Rd8xd1
17.Re1xd1 Nf6d7
18.a3 f6
19.Kf1 a5
20.Rd1a1 axb4
21.axb4 Ra7xa1
22.Bb2xa1 { time. }
0-1

[Event "1/64 Finale"]
[Site "www.chess-mail.com"]
[Date "2016.05.17"]
[Round "1"]
[White "Elogic"]
[Black "Gandalf"]
[WhiteElo "1960"]
[BlackElo "1570"]
[Result "0-1"]
[Round "1"]
1.d4 d5
2.Nb1c3 c6
3.e4 g6
4.f3 Bf8g7
5.e5 e6
6.Bf1d3 Nb8d7
7.f4 Ng8e7
8.Bc1e3 a6
9.Ng1f3 O-O
10.g4 Qd8c7
11.Qd1d2 c5
12.dxc5 Nd7xc5
13.Be3xc5 Qc7xc5
14.O-O-O b5
15.a3 Bc8d7
16.b4 Qc5c7
17.h4 Rf8c8
18.Nc3e2 a5
19.h5 axb4
20.Qd2xb4 Qc7c5
21.Kd2 Ra8xa3
22.Qb4xc5 Rc8xc5
23.Rh1h3 Ne7c6
24.hxg6 hxg6
25.Rd1h1 Nc6b4
26.Nf3d4 Nb4xd3
27.cxd3 Ra3a2
28.Ke3 Rc5c7
29.Ne2g3 Rc7c3
30.f5 exf5
31.gxf5 Bg7xe5
32.Nd4e2 Rc3c2
33.Rh3h4 Ra2a4
34.d4 Be5f6
35.Rh4f4 Bf6g5
36.fxg6 fxg6
37.Kd3 Bg5xf4
38.Kxc2 Bf4xg3
39.Ne2xg3 Ra4xd4
40.Ng3e2 Bd7f5
41.Kc3 Rd4d3
42.Kb4 Rd3d2
43.Ne2c3 Rd2b2
44.Kc5 Rb2c2
45.Kb4 Rc2b2
46.Kc5 Kg7
47.Nc3xd5 Bf5e4
48.Rh1e1 Be4xd5
49.Kxd5 Rb2h2
50.Re1b1 Rh2h5
51.Kc6 Rh5f5
52.Rb1xb5 Rf5xb5
53.Kxb5 Kf6
54.Kc4 Kf5
55.Kd3 Kf4
56.Ke2 Kg3
57.Ke3 g5
58.Ke2 g4
 { time }
0-1

[Event "Eq:La Taverne-Royal chess : "]
[Site "www.chess-mail.com"]
[Date "2016.05.17"]
[Round "1"]
[White "Osmundw"]
[Black "Traub"]
[WhiteElo "1350"]
[BlackElo "1520"]
[Result "1-0"]
[Round "1"]
1.e4 e6
2.g4 d5
3.Bf1g2 Bf8c5
4.d4 Bc5b6
5.Ng1e2 Nb8c6
6.exd5 exd5
7.Ne2c3 Qd8e7
8.Bc1e3 Nc6xd4
9.Nc3xd5 Qe7c5
10.Nd5c3 Qc5e5
11.Nb1d2 Bc8xg4
12.Qd1xg4 Nd4xc2
13.Kf1 Nc2xa1
{ time. }
1-0

[Event "Fast Game"]
[Site "www.echecsemail.com"]
[Date "2016.05.17"]
[Round "1"]
[White "Hennie4820"]
[Black "Cal"]
[WhiteElo "1730"]
[BlackElo "1620"]
[Result "0-1"]
[Round "1"]
1.e4 e5
2.Ng1f3 d6
3.Bf1c4 h6
4.d4 exd4
5.c3 dxc3
6.Qd1b3 Nb8c6
7.Bc4xf7 Ke7
8.Qb3e6 Bc8xe6
{ resign }
0-1